书目信息 |
| 题名: |
白话鬼谷子
|
|
| 作者: | 鬼谷子 著 ;秋羽 注释 | |
| 分册: | ||
| 出版信息: | 北京 时事出版社 2015 |
|
| 页数: | 292页 | |
| 开本: | 24cm | |
| 丛书名: | ||
| 单 册: | ||
| 中图分类: | B228.04 | |
| 科图分类: | ||
| 主题词: | 纵横家--zong heng jia | |
| 电子资源: | ||
| ISBN: | 978-7-80232-853-2 | |
| 000 | 00889nam0 22002651 450 | |
| 001 | 0124140209 | |
| 005 | 20170324140209.0 | |
| 010 | @a978-7-80232-853-2@dCNY33.80 | |
| 100 | @a20150812d2015 em y0chiy50 ea | |
| 101 | 0 | @achi |
| 102 | @aCN@b110000 | |
| 105 | @ay z 000yy | |
| 106 | @ar | |
| 200 | 1 | @a白话鬼谷子@9bai hua gui gu zi@e译注与诠释@f鬼谷子著@g秋羽注释 |
| 210 | @a北京@c时事出版社@d2015 | |
| 215 | @a292页@d24cm | |
| 300 | @a白话经典课堂 | |
| 330 | @a本书通过“原典”、“注释”和“译文”三个板块将《鬼谷子》一书原汁原味地呈现在读者面前。与此同时,作者还通过“解析运用”这个版块对鬼谷子的著作进行分析和解读。 | |
| 605 | @a《鬼谷子》@Agui gu zi@x译文 | |
| 606 | 0 | @a纵横家@9zong heng jia |
| 690 | @aB228.04@v5 | |
| 701 | 0 | @c(战国)@a鬼谷子@9gui gu zi@4著 |
| 702 | 0 | @a秋羽@9qiu yu@4注释 |
| 801 | 0 | @aCN@bTANGWEI@c20170308 |
| 905 | @b0962138-40@dB228.04@e557@f3 | |
| 白话鬼谷子:译注与诠释/鬼谷子著/秋羽注释.-北京:时事出版社,2015 |
| 292页;24cm |
| 白话经典课堂 |
| ISBN 978-7-80232-853-2:CNY33.80 |
| 本书通过“原典”、“注释”和“译文”三个板块将《鬼谷子》一书原汁原味地呈现在读者面前。与此同时,作者还通过“解析运用”这个版块对鬼谷子的著作进行分析和解读。 |
| ● |
| 相关链接 |
|
|
|
|
正题名:白话鬼谷子
索取号:B228.04/557
 
预约/预借
| 序号 | 登录号 | 条形码 | 馆藏地/架位号 | 状态 | 备注 |
| 1 | 0962138 | 209621382 | 第一样本阅览室/ [索取号:B228.04/557] | 在馆 | |
| 2 | 0962139 | 209621391 | 第一借阅区/ [索取号:B228.04/557] | 在馆 | |
| 3 | 0962140 | 209621408 | 第一借阅区/ [索取号:B228.04/557] | 在馆 |